000 00500nam a2200181Ia 4500
999 _c14370
_d14370
003 OSt
005 20201030094157.0
008 190216s9999||||xx |||||||||||||| ||und||
020 _a9780143099659
040 _coclc
082 _a823.0108
_bNAI/S
100 _aNair, Anita
_95333
245 0 _aSatyr Of The Subway /
_cAnita Nair
260 _bPenguin Books,
_aNew Delhi:
_c2006.
300 _a162p
650 _aEnglish
942 _cBK
_2ddc
_h823.0108
_iNAI/S
_k823.0108
_mNAI/S